Sinh thái và môi trường

Sách trình bày các vấn đề về môi trường và sinh giới. Sự tác động của các yếu tố sinh thái lên sinh vật và sự thích ứng của chúng. Sinh thái học quần thể. Sự bùng nổ dân số và ảnh hưởng của sự phát triển khoa học và công nghệ lên...

Volledige beschrijving

Bewaard in:
Bibliografische gegevens
Hoofdauteur: Nguyễn, Văn Tuyên
Formaat: Boek
Taal:Undetermined
Gepubliceerd in: Hà Nội Giáo dục 2000
Onderwerpen:
Tags: Voeg label toe
Geen labels, Wees de eerste die dit record labelt!
Thư viện lưu trữ: Trung tâm Học liệu Trường Đại học Cần Thơ
LEADER 01058nam a2200193Ia 4500
001 CTU_93151
008 210402s9999 xx 000 0 und d
082 |a 577.5 
082 |b T527 
100 |a Nguyễn, Văn Tuyên 
245 0 |a Sinh thái và môi trường 
245 0 |c Nguyễn Văn Tuyên 
260 |a Hà Nội 
260 |b Giáo dục 
260 |c 2000 
520 |a Sách trình bày các vấn đề về môi trường và sinh giới. Sự tác động của các yếu tố sinh thái lên sinh vật và sự thích ứng của chúng. Sinh thái học quần thể. Sự bùng nổ dân số và ảnh hưởng của sự phát triển khoa học và công nghệ lên môi trường. Tài nguyên và việc sử dụng chúng, nguy cơ khủng hoảng môi trường và các biện pháp khắc phục. 
650 |a Ecology,Environment 
904 |i Trúc,Hải 
980 |a Trung tâm Học liệu Trường Đại học Cần Thơ